000
00295nam a22001337a 4500
008
180920b xxu||||| |||| 00| 0 eng d
020
_a
9780072538397
041
_a
eng
080
_2
2nd
_a
339.138
100
_a
60
101
_a
MAR
245
_a
Marketing Research
_c
Hair,J.F
942
_2
udc
_c
BK
999
_c
48099
_d
48099